Statistics for scottish football stadiums

Click here to take the quiz!

General Stats

  • This quiz has been taken 79 times
    (74 since last reset)
  • The average score is 7 of 15

Answer Stats

HintAnswer% Correct
green and whiteceltic park
83%
leitheaster road
80%
national stadiumhampden
74%
Govanibrox stadium
71%
georgietynecastle
71%
sheep shaggers arenapittodrie
63%
partick thislefirhill
58%
dunfermline athleticeast end park
55%
stranraerstair park
26%
ross countyvictoria park
25%
smallest stadium in the splnew douglas park
22%
gretna greenraydale park
15%
worst ground in scotlandcentral park
14%
terregles stpalmerston park
8%
smallist stadium in any top four tiersnew bayview
3%

Score Distribution

Percentile by Number Answered

Percent of People with Each Score

Your Score History

You have not taken this quiz since the last reset